| 000 | 00556nam a2200169 4500 | ||
|---|---|---|---|
| 008 | 171206b xxu||||| |||| 00| 0 eng d | ||
| 020 | _a9780205150274 | ||
| 082 |
_21994 _aDC 305.231 _bB46 |
||
| 100 |
_924336 _aBerk, Laura E., author. |
||
| 245 |
_aChild development / _cLaura E. Berk. |
||
| 250 | _aThird edition. | ||
| 260 |
_aBoston : _bAllyn and Bacon, _c©1994 |
||
| 300 |
_axxiii, 650 pages. : _bcolored illustration ; _c29 cm. |
||
| 500 | _aIncludes bibliographical references and indexes. | ||
| 650 | 0 |
_924337 _aChild development |
|
| 942 |
_2ddc _cDC |
||
| 999 |
_c7928 _d7928 |
||